000 01049nam a22003017a 4500
003 CHAP
005 20220329140608.0
008 971013s1960 r 00010 d
010 _a54471
011 _a55443
035 _a59595
040 _cCHAP
090 _aTesis
100 0 0 _aSandoval Guerrero, Margarita.
_9102132
245 _aValoración del método del papel filtro para la recolección de materias fecales destinadas a estudios bacteriológicos
260 _aMéxico, D.F. :
_bEl autor,
_c1960
300 _a22 h.
_b: tablas
502 _aTesis (Químico Bacteriólogo y Parasitologo) -- INP. Escuela Nacional de Ciencias Biológicas
590 _aALEPH
_b10
_c20130110
_lUCH01
_h1332
590 _aBATCH-UPD
_b10
_c20130110
_lUCH01
_h1910
590 _aBATCH-UPD
_b10
_c20130410
_lUCH01
_h1237
590 _aBATCH-UPD
_b10
_c20130914
_lUCH01
_h1804
590 _aCONVERSION
_b10
_c20130109
_lUCH01
_h1329
650 1 4 _aMaterias fecales
_xAnálisis.
_972961
901 _aBK
942 _cTESIS
949 _bBC
_cTES
_d-128840
_eTS1
_i59595
_si
999 _c54471
_d54471